00936nam a2200241 a 450000100060000000300090000600800410001502000180005604000280007408200170010210000240011924500690014326000300021230000100024265000270025265000300027965000360030965000430034594200120038899900170040095201390041795201380055623823CO-ViMGA141112s2004 ck r 000 u spa d a9789588675015 aCO-ViMGAbspacCO-ViMGA04a333.72 P687g1 aPousa, Lucio93450410aLa gestion medioambiental : bUn objetivo comun / cLucio Pousa aColombia : bIdeaspropias a142p.14aDESARROLLO SOSTENIBLE 14aGESTION AMBIENTAL 91101114aPROTECCION DEL MEDIO AMBIENTE 14aSISTEMAS DE GESTION AMBIENTAL 934505 2ddccBK c31904d31904 00102ddc40708002aMEVIECARbMEVIECARd2015-12-04h12/ago/2011l0o333.72 P687g p24714r2015-12-04 00:00:00tEj. 1w2015-12-04yBK 001040708001aMEVIGERRbMEVIGERRcGENd2012-07-03o333.72 P68gpECA21745r2024-11-26 10:51:39tEj.1w2024-11-26yBKz15677 | 20414